| 000 | 01293nam a2200193 i 4500 | ||
|---|---|---|---|
| 001 | 146220 | ||
| 003 | ES-MaACL | ||
| 005 | 20230906201445.0 | ||
| 007 | t| | ||
| 008 | 070905s1912 sp ||||1| spa d | ||
| 245 | 0 | 0 |
_aTratado de patología quirúrgica general / _cTraducido y anotado por Ramón Torres Casanovas ; prólogo de Luis Guedea Calvo ; prefacio de Pablo Reclus. |
| 260 |
_aValencia : _b[Tipografía moderna], _c1912. |
||
| 300 |
_a4 v. ; _c20 cm. |
||
| 505 | 8 | _aContiene: T.I.-- Patología quirúrgica general. Enfermedades generales de los tejidos, cráneo y raquis, por P. Lecene, L. Tixier, R. Proust... traducido y anotado por Ramón Torres Casanovas, prólogo de Luis Guedea Calvo. Prefacio de Pablo Reclus. T.I.-- Cabeza, cuello torax por H. Bourgeois, Ch. Menormant, traducido y anotado por Manuel Portaceli y Ortells. T.III.-- Glandula mamaria, abdomen por Pedro Duval, A. Gasset, P. Lecene, Ch. Lenormant, traducido y anotado por Ramón Torres Casanovas. T.IV.-- Organos genito-urinarios, miembros por R. Begouin, E. Jeambran, R. Proust, traducído y anotado por Manuel Portaceli y Ortells. | |
| 700 | 1 |
_aTorres Casanovas, Ramón. _9110938 |
|
| 700 | 1 |
_aGuedea y Calvo, Luis. _960402 |
|
| 700 | 1 |
_aReclus, Pablo. _995778 |
|
| 852 |
_aES-MaACL _jB-11759-62 _bR.231-B-35 |
||
| 999 |
_c146220 _d146220 |
||